| 000 | 00975cam a2200277 i 4500 | ||
|---|---|---|---|
| 001 | 19384140 | ||
| 003 | OSt | ||
| 005 | 20250609150612.0 | ||
| 008 | 161123s2018 nyua b 001 0 eng | ||
| 010 | _a 2016052871 | ||
| 020 | _a9789355322647 | ||
| 040 |
_aDLC _beng _cDLC _erda _dDLC |
||
| 042 | _apcc | ||
| 050 | 0 | 0 |
_aTS155 _b.S7824 2018 |
| 082 | 0 | 0 |
_a658.5 _bSTE/O |
| 100 | 1 |
_aStevenson, William J. _eauthor. _99333 |
|
| 245 | 1 | 0 |
_aOperations management / _cWilliam J. Stevenson, Saunders College of Business, Rochester Institute of Technology. |
| 250 | _aThirteenth edition. | ||
| 264 | 1 |
_aNew York, NY : _bMcGraw-Hill Education, _c[2018] |
|
| 300 |
_axxxi, 890 pages : _c29 cm. |
||
| 336 |
_atext _btxt _2rdacontent |
||
| 490 | 0 | _aThe McGraw-Hill series in operations and decision sciences | |
| 504 | _aIncludes bibliographical references and indexes. | ||
| 650 | 0 | _aProduction management. | |
| 942 |
_2ddc _cBK _h658.8 _iSTE/O _k658.8 _mSTE/O |
||
| 999 |
_c44440 _d44440 |
||